00908 2200193 4500245010300000020002200103250001100125700002000136650001900156650002000175650001700195005001900212260003300231041001400264084000800278300002500286500039400311336000900705 aSatu Menit Pencerahan B.J. Habibie b : 100 Pencerahan dan Kiat InspiratifcA. Makmur MakkahText a978-602-7926-07-3 aCet. 1 aA. Makmur Makka aCatatan Harian aKiat Inspiratif aB.J. Habibie a20230927091730 aDepokbPenerbit Imaniac2013 aIndonesia a920 a211 hlm. :c20.5 cm. aTidak sekedar menyuguhkan gagasan-gagasan pencerahan, dalam buku ini pembaca juga bisa menguji konsistensi B.J. Habibie dalam berbagai gagasan yang pernah dilemparkannya. Ternyata gagasan yang telah melewati lintas waktum esensinya tidak berbeda seperti yang disampaikan 30 tahun yang lalu. Tentang keislaman, keindonesiaan, teknologi, nilai tambah, Pancasila, kodrat wanita dan lain-lain. atext